000 00675nam a2200229 4500
003 OSt
005 20260530113904.0
008 260518b cl a|||| |||| 00| 0 mx d
040 _aICI
_bspa
_cICI
041 _aspa
050 _aNK1390
_bA863 2003
245 1 0 _aAsociación Chilena de Empresas de Diseño QVID :
_b2003
264 1 _bChilena :
_cQVID,
_a2003
300 _a98 páginas :
_bilustaciones
336 _atexto
_2rdacontent
337 _asin medio
_2rdamedia
338 _avolumen
_2rdacarrier
650 4 _aDiseño industrial
_zChile
_932571
650 4 _aDiseño gráfico
_zChile
_932572
650 4 _aDiseño contemporáneo chileno
_932573
942 _2lcc
_cBK
_n1
999 _c11868
_d11868